| 000 | 01553nam a2200313 a 4500 | ||
|---|---|---|---|
| 003 | MX-MxUPN | ||
| 005 | 20250826093144.0 | ||
| 008 | 991125s1936 sp a r 000 0 spa d | ||
| 035 | _aUPN01000017371 | ||
| 040 |
_aMX-MxUPN _bspa _cMX-MxUPN |
||
| 041 | 0 | _aspa | |
| 050 | 1 | 4 |
_aLC4601 _bD4.38 1936 |
| 100 | 1 |
_aDescoeúdres, Alice _952694 |
|
| 245 | 1 | 3 |
_aLa educación de los niños anormales : _bobservaciones psicológicas e indicaciones prácticas |
| 260 |
_aMadrid : _bBeltrán, _c1936. |
||
| 300 |
_a307 páginas : _bilustraciones |
||
| 490 | 0 | _aBiblioteca moderna de filosofía y ciencias sociales. Actualidades pedagógicas | |
| 500 | _aNota de advertencia: el título de la presente obra tiene un término que puede resultar ofensivo para ciertas personas. Dicho término fue utilizado en la literatura sobre el tema a principios del siglo veinte. | ||
| 500 | _aLa Biblioteca Gregorio Torres Quintero no comparte ni valida su uso. | ||
| 650 | 4 |
_aNiños con discapacidad _xEducación _91549 |
|
| 650 | 4 |
_aNiños con discapacidad mental _xEducación _93028 |
|
| 700 | 1 |
_aOrellana Garrido, Jacobo _949005 _etraducción _enotas |
|
| 710 | 1 |
_aMéxico. _bSecretaría de Educación Pública. _bBiblioteca Pública _951349 _epropietario anterior |
|
| 710 | 2 |
_aInstituto Nacional de Pedagogía (México) _epropietario anterior _928088 |
|
| 710 | 2 |
_aMuseo Pedagógico Nacional (México) _951335 _epropietario anterior |
|
| 710 | 2 |
_aEscuela Nacional de Jurisprudencia (México) _952695 _epropietario anterior |
|
| 904 |
_aAC _b017372 |
||
| 942 |
_2lcc _cLIBRO |
||
| 999 |
_c17371 _d17371 |
||